Paradoja acerca del comediante
Gardado en:
| Autor Principal: | |
|---|---|
| Formato: | Libro |
| Idioma: | Lingua castelá |
| Publicado: |
Madrid
Aguilar
1964
|
| Subjects: | |
| Tags: |
Engadir etiqueta
Sen Etiquetas, Sexa o primeiro en etiquetar este rexistro!
|
MARC
| LEADER | 00000nam a2200000 a 4500 | ||
|---|---|---|---|
| 001 | UCO5417 | ||
| 003 | CL-VaPUC | ||
| 008 | 000901e19640000SP |||||||||||||||||spa|d | ||
| 082 | 0 | 4 | |a 842 |b DID |2 21 |
| 100 | 0 | |a Diderot, Denis |e author |9 450169 | |
| 245 | 1 | 0 | |a Paradoja acerca del comediante |
| 300 | |a 122 p | ||
| 942 | |c BK | ||
| 945 | |d 20000901 00:00:00 |a crobeson | ||
| 260 | |a Madrid |b Aguilar |c 1964 | ||
| 650 | 7 | |a DRAMAS FRANCESES |2 CL-VaPUC |9 267189 | |
| 650 | 0 | |a Literatura francesa |9 266330 | |
| 583 | |a last modification |c 20000901 00:00:00 |k Rodrigo Vera | ||
| 999 | |c 291277 |d 291275 | ||
| 952 | |0 0 |1 0 |4 0 |6 842_000000000000000_DID_1964 |7 0 |8 A |9 341086 |a BIBART |b BIBART |d 2019-11-20 |i 122011K |o 842 DID 1964 |p 122011K |r 2025-03-13 |w 2019-11-20 |y BK |k ART | ||